Anagrammes ou presque : repas de Noël (click quiz) - Statistiques

Statistiques générales
  • Ce quiz a été pris 48 fois
    44 depuis la dernière actualisation
  • Le résultat moyen est 6 sur 8
Statistiques - réponses
Hint Réponse % Correct
Appendices Pain d'épices
93%
Nutritif Fruit confit
85%
Aumones Saumon fumé
85%
Obnubila Boudin blanc
83%
Débouchée Bûche de Noël
80%
Dégradante Magret de canard
80%
Esgourder Sucre d'orge
66%
Carmagnole Marron glacé
41%
Aucun quiz correspondant
Distribution des résultats
% des personnes avec chaque résultat
Percentile par nombre de réponses
Votre historique - résultats
Vous n’avez pas pris ce quiz depuis la dernière actualisation